Statistics for Countries Nikol Pashinyan has visited

Click here to take the quiz!

General Stats

  • This quiz has been taken 31 times
    (6 since last reset)
  • The average score is 14 of 24

Answer Stats

ContinentCountry% Correct
EuropeAustria
100%
EuropeBelarus
100%
EuropeBelgium
100%
AsiaChina
100%
EuropeFrance
67%
AsiaGeorgia
67%
AsiaIran
67%
EuropeItaly
67%
AsiaKazakhstan
67%
AsiaLebanon
67%
EuropeNetherlands
67%
Asia/ EuropeRussia
67%
North AmericaUnited States of America
67%
EuropeGermany
33%
AsiaKyrgyzstan
33%
EuropeLithuania
33%
EuropeLuxembourg
33%
AsiaQatar
33%
AsiaSingapore
33%
EuropeSwitzerland
33%
AsiaTajikistan
33%
AfricaTunisia
33%
AsiaTurkmenistan
33%
AsiaVietnam
33%

Score Distribution

Percentile by Number Answered

Percent of People with Each Score

Your Score History

You have not taken this quiz since the last reset